000 01074aam a2200289 i 4500
001 768714001
003 CO-MdFUSB
005 20241010082946.0
007 ta
008 210904t1997 sp ||||| |||| 00| 0 eng d
020 _a978-84-8169-220-4
040 _bspa.
_aCO-MdFUSB
_cCO-MdFUSB
_dCO-MdFUSBC
_erda
041 _aspa
082 0 4 _a492.4
_223
_bF222
100 1 _aFarfán Navarro, Enrique
245 1 0 _aGramática elemental del hebreo bíblico
_c/ Enrique Farfán Navarro
264 1 _aNavarra, España:
_bVerbo Divino,
_c[1997]
264 4 _c©1997
300 _a85 páginas
_c; 24 cm
336 _2rdacontent
_atexto
_btxt
337 _2rdamedia
_asin mediación
_bn
338 _2rdacarrier
_avolumen
_bnc
505 _gParte I:
_tEscritura y fonética:
_aAlfabeto hebreo. -- Signos gráficos. -- Fenómenos fonéticos.
_gParte II:
_tPartes de la oración:
_aPrefijos y pronombres. -- El nombre. -- El verbo.
_gParte III:
_tParadigmas, crestomatía, vocabularios:
_aParadigmas, crestomatía, vocabularios.
942 _cBK
945 _aJTF-925
999 _c44821
_d44821